<?xml version="1.0" encoding="UTF-8"?>
<record
    xmlns:xsi="http://www.w3.org/2001/XMLSchema-instance"
    xsi:schemaLocation="http://www.loc.gov/MARC21/slim http://www.loc.gov/standards/marcxml/schema/MARC21slim.xsd"
    xmlns="http://www.loc.gov/MARC21/slim">

  <leader>02766nam a22002297a 4500</leader>
  <controlfield tag="003">NALT</controlfield>
  <controlfield tag="005">20240419105045.0</controlfield>
  <controlfield tag="008">240402b        th ||||| |||| 00| 0 tha d</controlfield>
  <datafield tag="040" ind1=" " ind2=" ">
    <subfield code="a">&#xE4C;NALT</subfield>
  </datafield>
  <datafield tag="090" ind1=" " ind2=" ">
    <subfield code="a">KD 32/2560</subfield>
    <subfield code="b">&#xE2A;226&#xE23; 2562</subfield>
  </datafield>
  <datafield tag="110" ind1="2" ind2=" ">
    <subfield code="a">&#xE2A;&#xE33;&#xE19;&#xE31;&#xE01;&#xE07;&#xE32;&#xE19;&#xE40;&#xE25;&#xE02;&#xE32;&#xE18;&#xE34;&#xE01;&#xE32;&#xE23;&#xE2A;&#xE20;&#xE32;&#xE1C;&#xE39;&#xE49;&#xE41;&#xE17;&#xE19;&#xE23;&#xE32;&#xE29;&#xE0E;&#xE23;. </subfield>
    <subfield code="b">&#xE2A;&#xE33;&#xE19;&#xE31;&#xE01;&#xE1B;&#xE23;&#xE30;&#xE0A;&#xE32;&#xE2A;&#xE31;&#xE21;&#xE1E;&#xE31;&#xE19;&#xE18;&#xE4C;. </subfield>
    <subfield code="b">&#xE01;&#xE25;&#xE38;&#xE48;&#xE21;&#xE07;&#xE32;&#xE19;&#xE1C;&#xE25;&#xE34;&#xE15;&#xE40;&#xE2D;&#xE01;&#xE2A;&#xE32;&#xE23;</subfield>
    <subfield code="9">14512</subfield>
  </datafield>
  <datafield tag="245" ind1="1" ind2="0">
    <subfield code="a">&#xE23;&#xE31;&#xE10;&#xE18;&#xE23;&#xE23;&#xE21;&#xE19;&#xE39;&#xE0D;&#xE41;&#xE2B;&#xE48;&#xE07;&#xE23;&#xE32;&#xE0A;&#xE2D;&#xE32;&#xE13;&#xE32;&#xE08;&#xE31;&#xE01;&#xE23;&#xE44;&#xE17;&#xE22; /</subfield>
    <subfield code="c">&#xE01;&#xE25;&#xE38;&#xE48;&#xE21;&#xE07;&#xE32;&#xE19;&#xE1C;&#xE25;&#xE34;&#xE15;&#xE40;&#xE2D;&#xE01;&#xE2A;&#xE32;&#xE23; &#xE2A;&#xE33;&#xE19;&#xE31;&#xE01;&#xE1B;&#xE23;&#xE30;&#xE0A;&#xE32;&#xE2A;&#xE31;&#xE21;&#xE1E;&#xE31;&#xE19;&#xE18;&#xE4C; &#xE2A;&#xE33;&#xE19;&#xE31;&#xE01;&#xE07;&#xE32;&#xE19;&#xE40;&#xE25;&#xE02;&#xE32;&#xE18;&#xE34;&#xE01;&#xE32;&#xE23;&#xE2A;&#xE20;&#xE32;&#xE1C;&#xE39;&#xE49;&#xE41;&#xE17;&#xE19;&#xE23;&#xE32;&#xE29;&#xE0E;&#xE23;.</subfield>
  </datafield>
  <datafield tag="250" ind1=" " ind2=" ">
    <subfield code="a">&#xE1E;&#xE34;&#xE21;&#xE1E;&#xE4C;&#xE04;&#xE23;&#xE31;&#xE49;&#xE07;&#xE17;&#xE35;&#xE48; 4.</subfield>
  </datafield>
  <datafield tag="260" ind1=" " ind2=" ">
    <subfield code="a">&#xE01;&#xE23;&#xE38;&#xE07;&#xE40;&#xE17;&#xE1E;&#xE2F; :</subfield>
    <subfield code="b">&#xE01;&#xE25;&#xE38;&#xE48;&#xE21;&#xE07;&#xE32;&#xE19;&#xE1C;&#xE25;&#xE34;&#xE15;&#xE40;&#xE2D;&#xE01;&#xE2A;&#xE32;&#xE23; &#xE2A;&#xE33;&#xE19;&#xE31;&#xE01;&#xE1B;&#xE23;&#xE30;&#xE0A;&#xE32;&#xE2A;&#xE31;&#xE21;&#xE1E;&#xE31;&#xE19;&#xE18;&#xE4C; &#xE2A;&#xE33;&#xE19;&#xE31;&#xE01;&#xE07;&#xE32;&#xE19;&#xE40;&#xE25;&#xE02;&#xE32;&#xE18;&#xE34;&#xE01;&#xE32;&#xE23;&#xE2A;&#xE20;&#xE32;&#xE1C;&#xE39;&#xE49;&#xE41;&#xE17;&#xE19;&#xE23;&#xE32;&#xE29;&#xE0E;&#xE23;,</subfield>
    <subfield code="c">2562.</subfield>
  </datafield>
  <datafield tag="300" ind1=" " ind2=" ">
    <subfield code="a">220 &#xE2B;&#xE19;&#xE49;&#xE32; ;</subfield>
    <subfield code="c">21 &#xE0B;&#xE21;.</subfield>
  </datafield>
  <datafield tag="505" ind1="2" ind2=" ">
    <subfield code="a">&#xE2B;&#xE21;&#xE27;&#xE14; 1 &#xE1A;&#xE17;&#xE17;&#xE31;&#xE48;&#xE27;&#xE44;&#xE1B; (&#xE21;&#xE32;&#xE15;&#xE23;&#xE32;1-5) -- &#xE2B;&#xE21;&#xE27;&#xE14; 2 &#xE1E;&#xE23;&#xE30;&#xE21;&#xE2B;&#xE32;&#xE01;&#xE29;&#xE31;&#xE15;&#xE23;&#xE34;&#xE22;&#xE4C; (&#xE21;&#xE32;&#xE15;&#xE23;&#xE32; 6-24) -- &#xE2B;&#xE21;&#xE27;&#xE14; 3 &#xE2A;&#xE34;&#xE17;&#xE18;&#xE34;&#xE41;&#xE25;&#xE30;&#xE40;&#xE2A;&#xE23;&#xE35;&#xE20;&#xE32;&#xE1E;&#xE02;&#xE2D;&#xE07;&#xE1B;&#xE27;&#xE07;&#xE0A;&#xE19;&#xE0A;&#xE32;&#xE27;&#xE44;&#xE17;&#xE22; (&#xE21;&#xE32;&#xE15;&#xE23;&#xE32; 25-49) -- &#xE2B;&#xE21;&#xE27;&#xE14; 4 &#xE2B;&#xE19;&#xE49;&#xE32;&#xE17;&#xE35;&#xE48;&#xE02;&#xE2D;&#xE07;&#xE1B;&#xE27;&#xE07;&#xE0A;&#xE19;&#xE0A;&#xE32;&#xE27;&#xE44;&#xE17;&#xE22; (&#xE21;&#xE32;&#xE15;&#xE23;&#xE32; 50) -- &#xE2B;&#xE21;&#xE27;&#xE14; 5 &#xE2B;&#xE19;&#xE49;&#xE32;&#xE17;&#xE35;&#xE48;&#xE02;&#xE2D;&#xE07;&#xE23;&#xE31;&#xE10; (&#xE21;&#xE32;&#xE15;&#xE23;&#xE32; 51-63) -- &#xE2B;&#xE21;&#xE27;&#xE14; 6 &#xE41;&#xE19;&#xE27;&#xE19;&#xE42;&#xE22;&#xE1A;&#xE32;&#xE22;&#xE41;&#xE2B;&#xE48;&#xE07;&#xE23;&#xE31;&#xE10; (&#xE21;&#xE32;&#xE15;&#xE23;&#xE32; 64-78) -- &#xE2B;&#xE21;&#xE27;&#xE14; 7 &#xE23;&#xE31;&#xE10;&#xE2A;&#xE20;&#xE32; -- &#xE2B;&#xE21;&#xE27;&#xE14; 8 &#xE04;&#xE13;&#xE30;&#xE23;&#xE31;&#xE10;&#xE21;&#xE19;&#xE15;&#xE23;&#xE35; (&#xE21;&#xE32;&#xE15;&#xE23;&#xE32; 148-183) -- &#xE2B;&#xE21;&#xE27;&#xE14; 9 &#xE01;&#xE32;&#xE23;&#xE02;&#xE31;&#xE14;&#xE01;&#xE31;&#xE19;&#xE41;&#xE2B;&#xE48;&#xE07;&#xE1C;&#xE25;&#xE1B;&#xE23;&#xE30;&#xE42;&#xE22;&#xE0A;&#xE19;&#xE4C; (&#xE21;&#xE32;&#xE15;&#xE23;&#xE32; 184-187) -- &#xE2B;&#xE21;&#xE27;&#xE14; 10 &#xE28;&#xE32;&#xE25; -- &#xE2B;&#xE21;&#xE27;&#xE14; 11 &#xE28;&#xE32;&#xE25;&#xE23;&#xE31;&#xE10;&#xE18;&#xE23;&#xE23;&#xE21;&#xE19;&#xE39;&#xE0D; (&#xE21;&#xE32;&#xE15;&#xE23;&#xE32; 200-214) -- &#xE2B;&#xE21;&#xE27;&#xE14; 12 &#xE2D;&#xE07;&#xE04;&#xE4C;&#xE01;&#xE23;&#xE2D;&#xE34;&#xE2A;&#xE23;&#xE30; -- &#xE2B;&#xE21;&#xE27;&#xE14; 13 &#xE2D;&#xE07;&#xE04;&#xE4C;&#xE01;&#xE23;&#xE2D;&#xE31;&#xE22;&#xE01;&#xE32;&#xE23; (&#xE21;&#xE32;&#xE15;&#xE23;&#xE32; 248) -- &#xE2B;&#xE21;&#xE27;&#xE14; 14 &#xE01;&#xE32;&#xE23;&#xE1B;&#xE01;&#xE04;&#xE23;&#xE2D;&#xE07;&#xE2A;&#xE48;&#xE27;&#xE19;&#xE17;&#xE49;&#xE2D;&#xE07;&#xE16;&#xE34;&#xE48;&#xE19; (&#xE21;&#xE32;&#xE15;&#xE23;&#xE32; 249-254) -- &#xE2B;&#xE21;&#xE27;&#xE14; 15 &#xE01;&#xE32;&#xE23;&#xE41;&#xE01;&#xE49;&#xE44;&#xE02;&#xE40;&#xE1E;&#xE34;&#xE48;&#xE21;&#xE40;&#xE15;&#xE34;&#xE21;&#xE23;&#xE31;&#xE10;&#xE18;&#xE23;&#xE23;&#xE21;&#xE19;&#xE39;&#xE0D; (&#xE21;&#xE32;&#xE15;&#xE23;&#xE32; 255-256) &#xE2B;&#xE21;&#xE27;&#xE14; 16 &#xE01;&#xE32;&#xE23;&#xE1B;&#xE0F;&#xE34;&#xE23;&#xE39;&#xE1B;&#xE1B;&#xE23;&#xE30;&#xE40;&#xE17;&#xE28; (&#xE21;&#xE32;&#xE15;&#xE23;&#xE32; 257-261).</subfield>
  </datafield>
  <datafield tag="650" ind1=" " ind2="4">
    <subfield code="a">&#xE23;&#xE31;&#xE10;&#xE18;&#xE23;&#xE23;&#xE21;&#xE19;&#xE39;&#xE0D; </subfield>
    <subfield code="z">&#xE44;&#xE17;&#xE22;</subfield>
    <subfield code="y">2560</subfield>
    <subfield code="9">5420</subfield>
  </datafield>
  <datafield tag="942" ind1=" " ind2=" ">
    <subfield code="c">LB</subfield>
    <subfield code="2">local</subfield>
  </datafield>
  <datafield tag="996" ind1=" " ind2=" ">
    <subfield code="a">chunbijaya.r</subfield>
    <subfield code="b">CATSTF	</subfield>
    <subfield code="c">2024-04-02</subfield>
  </datafield>
  <datafield tag="996" ind1=" " ind2=" ">
    <subfield code="a">saiphon.d</subfield>
    <subfield code="b">CATSTF	</subfield>
    <subfield code="c">2024-04-10</subfield>
  </datafield>
  <datafield tag="999" ind1=" " ind2=" ">
    <subfield code="c">105057</subfield>
    <subfield code="d">105057</subfield>
  </datafield>
  <datafield tag="998" ind1=" " ind2=" ">
    <subfield code="j">4575</subfield>
    <subfield code="k"> &#xE19;&#xE31;&#xE01;&#xE28;&#xE36;&#xE01;&#xE29;&#xE32;&#xE1D;&#xE36;&#xE01;&#xE07;&#xE32;&#xE19;-03</subfield>
  </datafield>
  <datafield tag="952" ind1=" " ind2=" ">
    <subfield code="0">0</subfield>
    <subfield code="1">0</subfield>
    <subfield code="2">local</subfield>
    <subfield code="4">0</subfield>
    <subfield code="7">0</subfield>
    <subfield code="8">CLAW</subfield>
    <subfield code="a">NALT</subfield>
    <subfield code="b">NALT</subfield>
    <subfield code="c">LAW</subfield>
    <subfield code="d">2024-04-02</subfield>
    <subfield code="l">0</subfield>
    <subfield code="o">KD 32/2560 &#xE2A;226&#xE23; 2562</subfield>
    <subfield code="p">3961222922</subfield>
    <subfield code="r">2024-04-24 00:00:00</subfield>
    <subfield code="t">&#xE09;.1</subfield>
    <subfield code="w">2024-04-02</subfield>
    <subfield code="y">LB</subfield>
  </datafield>
</record>
